000
00295nam a22001337a 4500
008
171228b xxu||||| |||| 00| 0 eng d
020
_a
9781887426824
041
_a
eng
080
_a
34
100
_a
14
101
_a
JUR
245
_a
E-Z REVIEW FOR FAMILY LAW
_c
RILEY,R.J
942
_2
udc
_c
BK
999
_c
39560
_d
39560